书目信息 |
| 题名: |
古史考
|
|
| 作者: | 吴锐 编 | |
| 分册: | 第一卷 | |
| 出版信息: | 海口 海南出版社 2003.11 |
|
| 页数: | 564页 | |
| 开本: | 24cm | |
| 丛书名: | ||
| 单 册: | ||
| 中图分类: | K210.7 | |
| 科图分类: | ||
| 主题词: | ||
| 电子资源: | ||
| ISBN: | 978-7-5443-1150-2 | |
| 000 | 00512nam0 2200169 450 | |
| 001 | 202410229200482259 | |
| 005 | 20241022085335.79 | |
| 010 | @a978-7-5443-1150-2@d¥112.00 | |
| 100 | @a20241022d km y0chiy0120 ea | |
| 101 | 0 | @achi |
| 200 | 1 | @a古史考@AGu Shi Kao@h第一卷@f吴锐等编@FWu Rui Deng Bian |
| 210 | @a海口@c海南出版社@d2003.11 | |
| 215 | @a564页@d24cm | |
| 690 | @aK210.7@v4 | |
| 701 | 0 | @a吴锐@AWu Rui@4编 |
| 801 | 0 | @aCN@b大连网信软件有限公司图书馆·11@c20241022 |
| 905 | @aZUCC@b7512204@dK210.7@e29:1@f1 | |
| 古史考.第一卷/吴锐等编.-海口:海南出版社,2003.11 |
| 564页;24cm |
| ISBN 978-7-5443-1150-2:¥112.00 |
| ● |
| 相关链接 |
|
|
|
|
正题名:古史考
索取号:K210.7/29:1
 
预约/预借
| 序号 | 登录号 | 条形码 | 馆藏地/架位号 | 状态 | 备注 |
| 1 | 7512204 | 275122047 | 密集书库-史法系/ [索取号:K210.7/29:1] | 在馆 |